Southville International School and Colleges
Your cart is empty.
  • Cart
  • Lists
    Public lists Eva Luna New books Lux_list list_1
    Your lists Log in to create your own lists
  • Log in to your account
  • Your cookies
  • Search history
Southville International School and Colleges
  • Advanced search
  • Recent comments
  • Most popular
  • Libraries

Log in to your account

Log in with GOOGLE


If you do not have an external account, but do have a local account, you can still log in:

  1. Home
  2. MARC view: Securities regulation :
Normal view MARC view ISBD view

Securities regulation : (Record no. 291526)

[ view plain ]
MARC details
000 -LEADER
fixed length control field 00507nam a22001697a 4500
003 - CONTROL NUMBER IDENTIFIER
control field PILC
005 - DATE AND TIME OF LATEST TRANSACTION
control field 20160309180127.0
008 - FIXED-LENGTH DATA ELEMENTS--GENERAL INFORMATION
fixed length control field 160309b xxu||||| |||| 00| 0 eng d
020 ## - INTERNATIONAL STANDARD BOOK NUMBER
International Standard Book Number 9781628101430
050 ## - LIBRARY OF CONGRESS CALL NUMBER
Classification number KF 1438
Item number .H429 2015
100 ## - MAIN ENTRY--PERSONAL NAME
Personal name Hazen, Thomas Lee.
245 ## - TITLE STATEMENT
Title Securities regulation :
Remainder of title selected statutes, rules and forms /
Statement of responsibility, etc Thomas Lee Hazen.
260 ## - PUBLICATION, DISTRIBUTION, ETC. (IMPRINT)
Place of publication, distribution, etc USA :
Name of publisher, distributor, etc West Academic Publishing,
Date of publication, distribution, etc 2015.
300 ## - PHYSICAL DESCRIPTION
Extent v, 1999 pages ;
Dimensions 25 cm.
500 ## - GENERAL NOTE
General note Includes index.
942 ## - ADDED ENTRY ELEMENTS (KOHA)
Source of classification or shelving scheme Library of Congress Classification
Koha item type Books
Holdings
Withdrawn status Lost status Source of classification or shelving scheme Damaged status Home library Current library Shelving location Date acquired Source of acquisition Sub Shelving location Total Checkouts Full call number Barcode Date last seen Price effective from Koha item type
    Library of Congress Classification   College Library College Library Reserve Section 03/09/2016 Library Fund     KF 1438 .H429 2015 C20477 05/15/2018 03/09/2016 Books

Securities regulation :

APA

Hazen T. L., . (2015). Securities regulation. USA: West Academic Publishing.

Chicago

Hazen Thomas Lee, . 2015. Securities regulation. USA: West Academic Publishing.

Harvard

Hazen T. L., . (2015). Securities regulation. USA: West Academic Publishing.

MLA

Hazen Thomas Lee, . Securities regulation. USA: West Academic Publishing. 2015.

  • Place hold
  • Print
  • Cite
  • Add to your cart (remove)
  • Save record
    BIBTEX Dublin Core MARCXML MARC (non-Unicode/MARC-8) MARC (Unicode/UTF-8) MARC (Unicode/UTF-8, Standard) MODS (XML) RIS
  • More searches
    Search for this title in:
    Other Libraries (WorldCat) Other Databases (Google Scholar) Online Stores (Bookfinder.com) Open Library (openlibrary.org)

Exporting to Dublin Core...

SOUTHVILLE LIBRARY

Southville International School and Colleges Library

1281 Tropical Ave. Cor. Luxembourg St., BF Homes International, Las Pinas City

Tel. No. 8256374 / 252358 Loc. 117/146

Powered by Koha